000 00969 a2200217 4500
003 Nust
005 20170207153051.0
010 _a 2002032680
020 _a158053371X (alk. paper)
040 _cNust
082 0 0 _a621.3845
100 1 _aEsmailzadeh, Riaz.
245 1 0 _aTDD-CDMA for wireless communications /
_cRiaz Esmailzadeh, Masao Nakagawa.
260 _aBoston :
_bArtech House,
_cc2003.
300 _axiii, 176 p. :
_bill. ;
_c24 cm.
440 0 _aArtech House universal personal communications series
505 _aIntroduction (Page-1), Mobile Radio Comm. (Page-11), TDD Transmission (Page-39), Power Control In TDD-CDMA Sys (Page-55), Pre-Rake Combining (Page-75), System Capacity In TDD-CDMA Systems (Page-99), TDD Based CDMA Standards For Public Systems (Page-123), TDD Spread Spectrum (Page-15), TDD And Fourth Generation Sys (Page-161).
538 _aAlmirah No.27 Shelf No.1
650 0 _aTelecommunication engineering
700 1 _aNakagawa, Masao,
_d1946-
942 _cREF
999 _c178692
_d178692